ბათუმის შოთა რუსთაველის სახელმწიფო უნივერსიტეტის ბიბლიოთეკა

Культура и искусство Византии : (ბიბ.ჩანაწერი № 60817)

000 -LEADER
fixed length control field 00796nam a22001697a 4500
005 - DATE AND TIME OF LATEST TRANSACTION
control field 20231025103742.0
008 - FIXED-LENGTH DATA ELEMENTS--GENERAL INFORMATION
fixed length control field 231025s1963 ru ||||| |||| 00| 0 rus d
041 ## - LANGUAGE CODE
Language code of text/sound track or separate title rus
080 ## - UNIVERSAL DECIMAL CLASSIFICATION NUMBER
Universal Decimal Classification number 008+7(495) Ш-20
100 ## - MAIN ENTRY--PERSONAL NAME
Personal name Шандровская, В. С.
9 (RLIN) 20238
245 ## - TITLE STATEMENT
Title Культура и искусство Византии :
Remainder of title Для детей среднего и старшего возраста /
Statement of responsibility, etc. В. С. Шандровская.
264 ## - PRODUCTION, PUBLICATION, DISTRIBUTION, MANUFACTURE, AND COPYRIGHT NOTICE
Place of production, publication, distribution, manufacture Ленинград :
Name of producer, publisher, distributor, manufacturer Изд-во Гос. Эрмитажа,
Date of production, publication, distribution, manufacture, or copyright notice 1963.
300 ## - PHYSICAL DESCRIPTION
Extent 84 с. :
Other physical details ил.;
Dimensions 17 см.
440 ## - SERIES STATEMENT/ADDED ENTRY--TITLE
Title Путешествия в прошлое: по залам Эрмитажа
9 (RLIN) 20239
653 ## - INDEX TERM--UNCONTROLLED
keyword ბიზანტიის კულტურა და ხელოვნება
942 ## - ADDED ENTRY ELEMENTS (KOHA)
Source of classification or shelving scheme
Koha item type წიგნი
ეგზემპლარები
Withdrawn status Lost status Source of classification or shelving scheme Damaged status Not for loan Permanent Location Current Location Shelving location Date acquired Cost, normal purchase price Full call number Barcode Date last seen Copy number Uniform Resource Identifier Price effective from Koha item type Public note
          ბათუმის შოთა რუსთაველის სახელმწიფო უნივერსიტეტის მთავარი ბიბლიოთეკა ბათუმის შოთა რუსთაველის სახელმწიფო უნივერსიტეტის მთავარი ბიბლიოთეკა წიგნსაცავი 2023-10-25 4.00 008+7(495) Ш-20 65385 2023-10-25 65385 ბსუ-ს საპატიო დოქტორის გურამ ლორთქიფანიძის საჩუქარი 2023-10-25 წიგნი 4 ლ.